| 000 | 004930000a22001570004500 | ||
|---|---|---|---|
| 003 | MACL | ||
| 005 | 20180308120737.0 | ||
| 008 | 180308b xxu||||| |||| 00| 0 eng d | ||
| 040 | _cmacl | ||
| 100 |
_a श्रीवास्तव , दिनेश _971090 |
||
| 245 | _aऐतिहासिक कहानियां | ||
| 260 |
_b मयंक प्रकाशन _c2004 |
||
| 350 | _a30 | ||
| 650 |
_a चिल्ड्रन बुक, _9159 |
||
| 942 |
_cHIN _k741.642 _2ddc |
||
| 999 |
_c19057 _d19057 |
||